000 00954cam a22002893a 4500
001 19295
003 PGUSA
005 20140828083417.0
008 060916s2006||||xxu|||||s|||||000 1 eng d
040 _aPGUSA
_beng
042 _adc
050 4 _aPZ
100 1 _aHope, Laura Lee
245 1 4 _aThe Outdoor Girls at Ocean View; Or, The Box That Was Found in the Sand
_h[electronic resource] /
_cLaura Lee Hope
260 _bProject Gutenberg,
_c2006
506 _aPublic domain in the USA.
516 _aElectronic text
653 _aTreasure troves -- Juvenile fiction
653 _aGirls -- Societies and clubs -- Juvenile fiction
653 _aGirls -- Juvenile fiction
653 _aMystery and detective stories
653 _aAdventure and adventurers -- Juvenile fiction
653 _aBrigands and robbers -- Juvenile fiction
830 0 _aProject Gutenberg
_v19295
856 4 0 _uhttp://www.gutenberg.org/ebooks/19295
942 _cEB
999 _c248550
_d248550